000 01116nam a22003735b 4500
001 00277
003 DO-SdBNP
005 20180220153129.0
007 00277
008 930122s1992 sp | |||| ||spa
016 7 _a
_2BPMSU
017 _a
_b
020 _a8434815591
035 _a
040 _aBPMSU
_bspa
_cBPMSU
_e
041 1 _aspa
_h
080 0 _a
082 _a823.91
_bH945 1992
100 1 _aHunter, Mollie
240 1 2 _aA stranger came ashore
_lEspañol
245 1 _aHa llegado un extraño /
_cMollie Hunter ; traducción del inglés, Álvaro Forqué ; ilustraciones y cubierta, Irene Bordoy
_h
250 _a9ª ed.
260 _aMadrid :
_bEdiciones SM,
_c1992
300 _a157 p.:
_bil. ;
_c20 cm
490 1 _aEl barco de vapor ;
_v 20
_aSerie roja,
_v20
500 _aA partir de los 12 años
650 _aLITERATURA JUVENIL INGLESA
700 1 _aForqué, Álvaro
700 1 _aBordoy, Irene
_d1940-
830 3 _aEl barco de vapor.
_a
_pSerie roja
_v20
942 _2ddc
_cBK
945 _aInventariado, 2018 / BT
956 _a VMATEO
_b10
_c20161020
_dBPMSU
_f0069
999 _c11640
_d11640